000 00311nam a2200133Ia 4500
005 20251222175924.0
008 251222s9999||||xx |||||||||||||| ||spa||
082 _a813.54/T95
100 _aTurow, Scott
245 0 _aEl Peso de la Prueba
250 _a1ra.ed.
264 _bCĂ­rculo de Lectores
942 _cLIB
999 _c40786
_d40786